000 00642nam a2200217Ii 4500
003 JO-AjNU
008 230606s9999||||xx |||||||||||||| ||und||
020 _a978-007-126325-2 / 007-126325-x
040 _aJO-AjNU
_beng
_erda
_cJO-AjNU
041 _aeng
050 1 4 _aHG4521.B564 2009
100 3 _aBodie,Zvi / Kane,Alex / Marcus,Alan J,
_eauthor
_91754
245 0 0 _aInvestments
250 _a8 ed
264 3 1 _aBoston: Mc Graw Hill, 2009
300 _a990p
_bIncludes glossary and indexes
336 _atext
_btxt
_2rdacontent
337 _aunmediated
_bn
_2rdamedia
338 _avolume
_bnc
_2rdacarrier
650 4 _aInvestments
_91755
999 _aE925
_c925
_d925